| 000 | 00725nam a22002177a 4500 | ||
|---|---|---|---|
| 005 | 20170124110256.0 | ||
| 010 | _aB-159856 | ||
| 020 |
_c775.00 _a8188583545 |
||
| 035 | _aB-159856 | ||
| 037 | _bCen Lib/Ret | ||
| 040 |
_aDPL _bEN |
||
| 082 |
_a910 _bREF |
||
| 110 |
_aNew Delhi.Reference Press _9118176 |
||
| 245 |
_aReference manual for UGC examinations : _bNET,SLET,JRF and other UPSC competitive tests, Geography / |
||
| 260 |
_aNew Delhi _bReference Press _c2004 |
||
| 270 |
_bNew Delhi _a4831/24, Ansari Road, Darya Ganj _e110002 |
||
| 300 |
_avii,397p. _c20cm(Hb) |
||
| 650 |
_aExamination guide -- NET and SLET _9118177 |
||
| 650 |
_aGuide -- geography _9118178 |
||
| 942 |
_2ddc _cEN _h910 _mREF |
||
| 999 |
_c136230 _d136230 |
||